| 000 | 00339nam a2200121Ia 4500 | ||
|---|---|---|---|
| 008 | 220120s9999||||xx |||||||||||||| ||und|| | ||
| 100 | _aSchildt, Herbert | ||
| 245 | 0 | _aComplete reference java | |
| 250 | _a7th | ||
| 260 |
_aTata mcgraw hill company Ltd _bNew York _c2007 |
||
| 300 |
_aXII,816p _b0 |
||
| 650 | _aELECTRONICS AND COMMUNICATIONS | ||
| 999 |
_c132424 _d132424 |
||